000 00740nam a2200193 i 4500
001 180363
003 ES-MaACL
005 20230906221055.0
008 120530s1976 sp |||| | spa d
080 _a617.761.24-02(043.2)
100 1 _aCastro Chico, Eleuterio-Nicolás.
_9150212
245 1 3 _aEl nistagmus posicional de torsión en las afecciones vestibulares /
_cpor Eleuterio-Nicolás Castro Chico.
260 _aBarcelona :
_bUniversidad, Secretariado de Publicaciones, Intercambio Científico y Extensión Universitaria,
_c1976.
300 _a10 p. ;
_c25 cm.
502 _aTesis-Universidad Barcelona (Extracto)
650 4 _aNistagmo.
_9147194
710 2 _aUniversidad de Barcelona.
_97141
852 _aES-MaACL
_jE-15361(189)
999 _c180363
_d180363